Statistics for Asian countries that include the letter B (SPRINT)

Click here to take the quiz!

General Stats

  • This quiz has been taken 33 times
  • The average score is 7 of 10

Answer Stats

Answer% Correct
Bangladesh
96%
Bhutan
92%
Uzbekistan
81%
Bahrain
73%
Brunei
69%
Azerbaijan
65%
Cambodia
65%
Saudi Arabia
65%
Lebanon
58%
United Arab Emirates
50%

Score Distribution

Percentile by Number Answered

Percent of People with Each Score

Your Score History

You have not taken this quiz